000 00992nam a22003137a 4500
001 2331985
003 OSt
005 20210426083342.0
008 820512s1982 nyu 000 1 eng
010 _a 82005981
020 _a0684177730
040 _aDLC
_cDLC
_dDLC
_beng
041 _aeng
050 0 0 _aPR6060.A467
_bS55 1982
080 _a821.111
_bJ-22
082 0 0 _a823/.914
_219
100 1 _aJames, P. D.
245 1 4 _aThe skull beneath the skin /
_cP.D. James.
_b/ by: Charles Scribner's Sons
260 _aNew York
_bCharles Scribner's Sons
_cc1982.
300 _a328 p.
_c21 cm.
365 _b13.95 usd
650 0 _aWomen private investigators
_zEngland
_vFiction.
650 0 _aEnglish literature
_9247
650 0 _aGray, Cordelia (Fictitious character)
_vFiction.
653 _aინგლისური ლიტერატურა
655 7 _aDetective and mystery stories.
_2gsafd
906 _a7
_bcbc
_corignew
_d1
_eocip
_f19
_gy-gencatlg
942 _2udc
_cBK
999 _c1337
_d1337